[Event "Chess24 Banter Blitz Cup"]
[Site "chess24.com INT"]
[Date "2020.03.03"]
[Round "2.1"]
[White "Vallejo Pons, Francisco"]
[Black "Shimanov, Aleksandr"]
[Result "0-1"]
[WhiteTitle "GM"]
[BlackTitle "GM"]
[WhiteElo "2694"]
[BlackElo "2587"]
[WhiteFideId "2205530"]
[BlackFideId "4198603"]
[EventDate "2019.09.25"]
[EventType "blitz"]

1. e4 d5 2. Nc3 dxe4 3. Nxe4 Nf6 4. Nxf6+ exf6 5. d4 Bd6 6. Bd3 O-O 7. Ne2 Re8
8. c3 Nd7 9. O-O Nf8 10. Ng3 c6 11. Bd2 Be6 12. Re1 Qc7 13. Qf3 Ng6 14. a3 Rad8
15. h3 c5 16. Nf5 cxd4 17. Nxd4 Ne5 18. Qe4 Nxd3 19. Qxd3 Bh2+ 20. Kh1 Be5 21.
Nxe6 fxe6 22. Qe2 Qc6 23. Rad1 b5 24. Be3 a6 25. Kg1 Bc7 26. Qh5 e5 27. h4 Qe6
28. g3 Qb3 29. Qe2 Qc4 30. Qf3 e4 31. Qh5 Be5 32. Qf5 g6 33. Qg4 f5 34. Qh3 h5
35. Qf1 Qxf1+ 36. Kxf1 Kf7 37. Ke2 Ke6 38. Bg5 Rd5 39. Rxd5 Kxd5 40. Rd1+ Kc6
41. Bf4 Bxf4 42. gxf4 Re6 43. Ke3 Kc5 44. b3 a5 45. Rd4 Rc6 46. Kd2 Re6 47. b4+
axb4 48. axb4+ Kc6 49. Ke3 Kb6 50. Rd5 Rc6 51. Kd2 Re6 52. Re5 Rxe5 53. fxe5 Kc6
54. Ke3 Kd5 55. Kf4 Ke6 56. c4 bxc4 57. b5 c3 58. Ke3 Kxe5 59. b6 Kd6 60. f3 Kc6
61. fxe4 fxe4 62. Kd4 c2 63. Kc3 c1=Q+ 64. Kd4 Qc5+ 65. Kxe4 Qf5+ 66. Ke3 Qg4
67. Kd3 Qxh4 68. Ke3 Qg3+ 69. Ke2 Kxb6 70. Kd2 Kc5 71. Ke2 Kd4 72. Kd2 Qe3+ 73.
Kd1 Qd3+ 74. Kc1 Qc3+ 0-1

[Event "Chess24 Banter Blitz Cup"]
[Site "chess24.com INT"]
[Date "2020.03.03"]
[Round "2.2"]
[White "Shimanov, Aleksandr"]
[Black "Vallejo Pons, Francisco"]
[Result "1/2-1/2"]
[WhiteTitle "GM"]
[BlackTitle "GM"]
[WhiteElo "2587"]
[BlackElo "2694"]
[WhiteFideId "4198603"]
[BlackFideId "2205530"]
[EventDate "2019.09.25"]
[EventType "blitz"]

1. d4 e6 2. Bf4 c5 3. e3 Nf6 4. Nf3 d5 5. Nbd2 Bd6 6. Bb5+ Nc6 7. c3 Bxf4 8.
exf4 cxd4 9. cxd4 Bd7 10. Bxc6 Bxc6 11. O-O O-O 12. Re1 Qb6 13. Qb3 Qxb3 14.
Nxb3 Rfc8 15. Rac1 b6 16. Ne5 Be8 17. f3 Kf8 18. Kf2 Nd7 19. g4 a5 20. a3 f6 21.
Nxd7+ Bxd7 22. Ke3 Ke7 23. Nd2 Kd6 24. h4 Rxc1 25. Rxc1 Rc8 26. Rxc8 Bxc8 27.
Nf1 Ba6 28. Ng3 Ke7 29. f5 e5 30. Nh5 g6 31. fxg6 hxg6 32. Ng3 Bc8 33. g5 Bh3
34. f4 e4 35. Ne2 Bd7 36. Nc3 Bc6 37. Kf2 f5 38. Nd1 Ke6 39. Ne3 Be8 40. Ke1 Bf7
41. Kd2 Be8 42. Kc3 Bd7 43. Kd2 Be8 44. Nd1 Ba4 45. Nc3 Bc6 46. Kc2 Kd6 47. Kb3
Ke6 48. Nd1 Bb5 49. Ne3 Be8 50. Kc3 Bd7 51. Kb3 Bc6 52. a4 Be8 53. Ka3 Bd7 54.
b4 Kd6 55. bxa5 bxa5 56. Nd1 Bc6 57. Kb3 Ke6 58. Ne3 Bd7 59. Ka3 Kd6 60. Nd1 Ke6
61. Nc3 Kd6 62. Nd1 1/2-1/2

[Event "Chess24 Banter Blitz Cup"]
[Site "chess24.com INT"]
[Date "2020.03.03"]
[Round "2.3"]
[White "Vallejo Pons, Francisco"]
[Black "Shimanov, Aleksandr"]
[Result "1-0"]
[WhiteTitle "GM"]
[BlackTitle "GM"]
[WhiteElo "2694"]
[BlackElo "2587"]
[WhiteFideId "2205530"]
[BlackFideId "4198603"]
[EventDate "2019.09.25"]
[EventType "blitz"]

1. e4 d5 2. exd5 Qxd5 3. Nc3 Qa5 4. d4 Nf6 5. Bc4 c6 6. Nf3 Bf5 7. Ne5 e6 8. g4
Bg6 9. h4 Nbd7 10. Nxd7 Nxd7 11. h5 Be4 12. Rh3 Bd5 13. Bd3 Bd6 14. Qe2 O-O-O
15. Bd2 Qc7 16. O-O-O Bf4 17. Be3 Bg2 18. Rh4 h6 19. Qd2 Bd6 20. f4 Bd5 21. g5
f5 22. Kb1 Rdf8 23. Rg1 Nb6 24. gxh6 gxh6 25. Rh3 Nc4 26. Bxc4 Bxc4 27. b3 Bd5
28. Rhg3 Rf7 29. Nxd5 exd5 30. Rg6 Qe7 31. Qd3 Bc7 32. Bd2 Qe4 33. a4 Qxd3 34.
cxd3 Kd7 35. Kc2 Bd8 36. Bb4 Bf6 37. Kc3 b6 38. Kd2 Bxd4 39. Rd6+ Kc7 40. Rgg6
c5 41. Bc3 Bxc3+ 42. Kxc3 d4+ 43. Kc4 Kb7 44. a5 bxa5 45. Rxh6 Rc8 46. Rd5 Re8
47. Rxc5 Re1 48. Rb5+ Kc7 49. Rxa5 Rc1+ 50. Kxd4 Rd7+ 51. Ke3 Kb7 52. Rb5+ Kc7
53. Rxf5 Rc3 54. Ke4 Rcxd3 55. Re5 R3d4+ 56. Kf5 Rf7+ 57. Rf6 Rxf4+ 58. Kxf4
Rxf6+ 59. Rf5 Rb6 60. Rf7+ Kb8 61. Rf8+ Kb7 62. Kg5 Ka6 63. Rf6 Kb5 64. Rxb6+
axb6 65. h6 Kb4 66. h7 Kxb3 67. h8=Q b5 68. Qe5 b4 69. Qe6+ Ka3 70. Kf4 1-0

[Event "Chess24 Banter Blitz Cup"]
[Site "chess24.com INT"]
[Date "2020.03.03"]
[Round "2.4"]
[White "Shimanov, Aleksandr"]
[Black "Vallejo Pons, Francisco"]
[Result "1/2-1/2"]
[WhiteTitle "GM"]
[BlackTitle "GM"]
[WhiteElo "2587"]
[BlackElo "2694"]
[WhiteFideId "4198603"]
[BlackFideId "2205530"]
[EventDate "2019.09.25"]
[EventType "blitz"]

1. Nf3 d5 2. e3 Nf6 3. c4 e6 4. b3 Be7 5. Bb2 O-O 6. Nc3 c5 7. cxd5 Nxd5 8. h4
Nc6 9. Qb1 f5 10. Nxd5 exd5 11. Bb5 Qb6 12. Be2 h6 13. h5 Bf6 14. Nh4 Bxb2 15.
Qxb2 Rf6 16. Ng6 Be6 17. Nf4 Bf7 18. O-O Rd8 19. Rac1 Qa5 20. a3 b6 21. b4 cxb4
22. Rxc6 Rxc6 23. axb4 Qa4 24. Bd3 d4 25. Bxf5 Qb3 26. Qa1 Qa2 27. Qxa2 Bxa2 28.
Ra1 Bf7 29. Rxa7 Rc1+ 30. Kh2 Rd1 31. e4 Rxd2 32. e5 Rxf2 33. Kg3 Rxf4 34. Kxf4
d3 35. e6 Bxh5 36. e7 Rd4+ 37. Ke5 d2 38. Be6+ Kh7 39. Bf5+ Kg8 40. Be6+ Kh7 1/2-1/2

[Event "Chess24 Banter Blitz Cup"]
[Site "chess24.com INT"]
[Date "2020.03.03"]
[Round "2.5"]
[White "Vallejo Pons, Francisco"]
[Black "Shimanov, Aleksandr"]
[Result "0-1"]
[WhiteTitle "GM"]
[BlackTitle "GM"]
[WhiteElo "2694"]
[BlackElo "2587"]
[WhiteFideId "2205530"]
[BlackFideId "4198603"]
[EventDate "2019.09.25"]
[EventType "blitz"]

1. e4 d5 2. exd5 Qxd5 3. Nc3 Qa5 4. d4 c6 5. Bc4 Nf6 6. Nf3 Bf5 7. Ne5 e6 8. g4
Bg6 9. h4 Nbd7 10. Nxd7 Nxd7 11. h5 Be4 12. Rh3 Bd5 13. Bd3 Bd6 14. Qe2 O-O-O
15. Bd2 Qc7 16. O-O-O Bf4 17. Be3 Bg2 18. Rh4 h6 19. Qd2 Bd6 20. f4 Bd5 21. g5
f5 22. Nxd5 cxd5 23. Rg1 Nb6 24. Rh3 Kb8 25. c3 Nc8 26. Rhg3 hxg5 27. Rxg5 Bf8
28. Rg6 Qf7 29. Be2 Nd6 30. Kb1 Ne4 31. Qc2 Rc8 32. Qb3 Rh7 33. a4 Ka8 34. a5 a6
35. Qb6 Rc6 36. Qd8+ Ka7 37. c4 Nf6 38. Rxf6 gxf6 39. c5 Be7 40. Qd7 Rh8 41. h6
Rxh6 42. b4 Rh8 43. b5 Rd8 44. bxc6 Rxd7 45. cxd7 Bd8 46. c6 bxc6 47. Bd2 Qxd7
48. Kc2 c5 49. dxc5 Qa4+ 50. Kc1 Qa3+ 51. Kc2 Qxc5+ 52. Kd3 Qxg1 53. Be3+ Qxe3+
54. Kxe3 Bxa5 55. Bh5 Bb6+ 56. Kd3 e5 57. Bg6 e4+ 58. Ke2 d4 59. Bxf5 d3+ 60.
Kd1 Bc7 61. Bxe4 Bxf4 62. Bxd3 Be5 63. Kc2 a5 64. Bf5 Kb6 65. Kb3 Kc5 66. Ka4
Kb6 0-1

[Event "Chess24 Banter Blitz Cup"]
[Site "chess24.com INT"]
[Date "2020.03.03"]
[Round "2.6"]
[White "Shimanov, Aleksandr"]
[Black "Vallejo Pons, Francisco"]
[Result "1-0"]
[WhiteTitle "GM"]
[BlackTitle "GM"]
[WhiteElo "2587"]
[BlackElo "2694"]
[WhiteFideId "4198603"]
[BlackFideId "2205530"]
[EventDate "2019.09.25"]
[EventType "blitz"]

1. c4 e5 2. g3 Nc6 3. Bg2 Bc5 4. Nc3 d6 5. e3 a6 6. a3 Ba7 7. b4 h5 8. Nf3 Nge7
9. Bb2 Be6 10. d3 f6 11. h4 Qd7 12. Rc1 d5 13. c5 Bg4 14. Qb3 Be6 15. Qc2 Nd8
16. e4 d4 17. Nb1 Nf7 18. Nbd2 c6 19. Nc4 Nh6 20. Qe2 Ng4 21. Nh2 Nxh2 22. Rxh2
Bg4 23. Bf3 O-O 24. Bxg4 Qxg4 25. Qxg4 hxg4 26. h5 Bb8 27. Ke2 f5 28. Rh4 Bc7
29. exf5 Rxf5 30. Nd2 a5 31. Ra1 Nd5 32. h6 axb4 33. hxg7 Nc3+ 34. Bxc3 dxc3 35.
Rh8+ Kxg7 36. Rxa8 cxd2 37. axb4 e4 38. dxe4 Re5 39. Kxd2 Rxe4 40. R1a4 Rd4+ 41.
Ke3 Rc4 42. R8a7 Be5 43. Rxb7+ Kf6 44. Rb6 Kf5 45. Rxc6 Rc3+ 46. Kd2 Rf3 47. b5
Rxf2+ 48. Kc1 Bxg3 49. b6 Rf1+ 50. Kd2 Rf2+ 51. Kd3 Rf3+ 52. Kc4 Rf1 53. Rc8
Rc1+ 54. Kb5 Rb1+ 55. Rb4 Rc1 56. Rf8+ Kg6 57. Rg8+ Kf7 58. Rgxg4 Be1 59. Rgc4
Bxb4 60. Rxc1 Bxc5 61. Rf1+ Ke6 62. Kxc5 Ke5 63. b7 Ke4 64. b8=Q Kd3 65. Qe8 Kd2
66. Qe1+ Kd3 67. Qd1+ Ke3 68. Re1+ Kf4 69. Qe2 Kg3 70. Qf1 Kh4 71. Re2 Kg4 72.
Rg2+ 1-0

[Event "Chess24 Banter Blitz Cup"]
[Site "chess24.com INT"]
[Date "2020.03.03"]
[Round "2.7"]
[White "Shimanov, Aleksandr"]
[Black "Vallejo Pons, Francisco"]
[Result "0-1"]
[WhiteTitle "GM"]
[BlackTitle "GM"]
[WhiteElo "2587"]
[BlackElo "2694"]
[WhiteFideId "4198603"]
[BlackFideId "2205530"]
[EventDate "2019.09.25"]
[EventType "blitz"]

1. Nf3 e6 2. c4 d5 3. e3 Nf6 4. b3 Be7 5. Bb2 O-O 6. Nc3 c5 7. cxd5 Nxd5 8. Bc4
Nc6 9. O-O Nb6 10. Be2 e5 11. Rc1 f5 12. d3 Be6 13. Nb5 a6 14. Na3 Qd6 15. Nc4
Nxc4 16. dxc4 Rad8 17. Qxd6 Bxd6 18. Rfd1 h6 19. g3 g5 20. Rd2 e4 21. Ne1 Be5
22. Rcd1 Bxb2 23. Rxb2 Rxd1 24. Bxd1 Rd8 25. Be2 Ne5 26. f4 exf3 27. Bxf3 b5 28.
cxb5 axb5 29. Be2 c4 30. bxc4 bxc4 31. Kf2 Kf7 32. h3 Ra8 33. Rc2 Ra3 34. Nf3
Nxf3 35. Kxf3 c3 36. e4 Bxa2 37. exf5 Bb1 38. Rc1 Bxf5 39. h4 c2+ 40. Kf2 g4 41.
Re1 Rc3 42. Rc1 Kf6 43. Bf1 Rb3 0-1

[Event "Chess24 Banter Blitz Cup"]
[Site "chess24.com INT"]
[Date "2020.03.03"]
[Round "2.8"]
[White "Vallejo Pons, Francisco"]
[Black "Shimanov, Aleksandr"]
[Result "0-1"]
[WhiteTitle "GM"]
[BlackTitle "GM"]
[WhiteElo "2694"]
[BlackElo "2587"]
[WhiteFideId "2205530"]
[BlackFideId "4198603"]
[EventDate "2019.09.25"]
[EventType "blitz"]

1. e4 c6 2. Nc3 d5 3. Nf3 dxe4 4. Nxe4 Nf6 5. Qe2 Nxe4 6. Qxe4 Nd7 7. Bc4 Nf6 8.
Qe3 e6 9. b3 Be7 10. Bb2 b5 11. Bd3 Bb7 12. Ne5 a6 13. a4 O-O 14. Qh3 h6 15. O-O
c5 16. axb5 axb5 17. Rxa8 Bxa8 18. Qg3 Nh5 19. Qe3 Qd5 20. f3 Bg5 21. Qe1 Rd8
22. g3 Bf6 23. Be4 Qd6 24. Bxa8 Rxa8 25. f4 Bd8 26. Qe2 Nf6 27. Qxb5 Qxd2 28.
Qd3 Qb4 29. Bc3 Qb7 30. Qf3 Nd5 31. Bd2 Qa7 32. c4 Nf6 33. f5 exf5 34. Qxf5 Qe7
35. Bc3 Ra2 36. g4 Qb7 37. Qf3 Qxf3 38. Rxf3 Ne4 39. Rd3 Bf6 40. Nd7 Bxc3 41.
Nxc5 Nxc5 42. Rxc3 Ne4 43. Re3 Ng5 44. Re8+ Kh7 45. Re3 Ra1+ 46. Kf2 Ne6 47. Kg3
Ra2 48. Kf3 Ra5 49. g5 Rxg5 50. Ke2 Rf5 51. Kd3 Nf4+ 52. Kd2 Ne6 53. Kc3 Rf2 54.
Re4 Rf4 55. Rxe6 Rf3+ 56. Kb4 Rf4 57. Re7 Rxc4+ 0-1

[Event "Chess24 Banter Blitz Cup"]
[Site "chess24.com INT"]
[Date "2020.03.03"]
[Round "2.9"]
[White "Shimanov, Aleksandr"]
[Black "Vallejo Pons, Francisco"]
[Result "1-0"]
[WhiteTitle "GM"]
[BlackTitle "GM"]
[WhiteElo "2587"]
[BlackElo "2694"]
[WhiteFideId "4198603"]
[BlackFideId "2205530"]
[EventDate "2019.09.25"]
[EventType "blitz"]

1. d4 e6 2. Bf4 d5 3. e3 Nf6 4. Nf3 Bd6 5. Bxd6 Qxd6 6. c4 c5 7. Nc3 cxd4 8.
Nxd4 O-O 9. cxd5 Nxd5 10. Ne4 Qb6 11. Qd2 Rd8 12. Bc4 e5 13. Nf3 Nf4 14. Qc3
Nxg2+ 15. Kf1 Bh3 16. Kg1 h6 17. Nxe5 Nh4 18. f4 Be6 19. Kf2 Nd7 20. Nxd7 Rxd7
21. Rhg1 Bxc4 22. Qxg7# 1-0

[Event "Chess24 Banter Blitz Cup"]
[Site "chess24.com INT"]
[Date "2020.03.03"]
[Round "2.10"]
[White "Vallejo Pons, Francisco"]
[Black "Shimanov, Aleksandr"]
[Result "1/2-1/2"]
[WhiteTitle "GM"]
[BlackTitle "GM"]
[WhiteElo "2694"]
[BlackElo "2587"]
[WhiteFideId "2205530"]
[BlackFideId "4198603"]
[EventDate "2019.09.25"]
[EventType "blitz"]

1. d4 Nf6 2. Nf3 g6 3. Nbd2 Bg7 4. e4 O-O 5. Bd3 d6 6. O-O Nc6 7. d5 Nb8 8. Re1
e5 9. dxe6 Bxe6 10. Nf1 Nc6 11. c3 Re8 12. h3 Nd7 13. Bg5 Bf6 14. Bh6 Nc5 15.
Bc2 a5 16. Ng3 a4 17. Nd4 Bd7 18. Kh2 Ne5 19. f4 Nc4 20. b3 Na3 21. Bd3 Nxd3 22.
Qxd3 c5 23. Nf3 Bc6 24. Rad1 Nb5 25. c4 Nd4 26. Nxd4 Bxd4 27. Bg5 Qb6 28. Qf3
axb3 29. axb3 Ra2 30. Rxd4 cxd4 31. Bf6 d3 32. Qxd3 Qf2 33. Rg1 Qxf4 34. Rf1 Qd2
35. Qf3 Qc2 36. Nf5 Qxg2+ 37. Qxg2 Rxg2+ 38. Kxg2 Bxe4+ 39. Kg3 Bxf5 40. Ra1 h6
41. Ra7 Be4 42. Kf4 g5+ 43. Kg3 Kh7 44. h4 Kg6 45. hxg5 hxg5 46. Bd4 f5 47. b4
f4+ 48. Kf2 g4 49. b5 g3+ 50. Ke1 f3 51. Ra3 Bd5+ 52. Kd2 Re2+ 53. Kd1 Be4 54.
c5 Rb2 55. Bxb2 f2 56. Rxg3+ Kf5 57. Ke2 dxc5 58. Kf1 Bd5 59. Kxf2 Bc4 60. Bc3
Bxb5 61. Re3 Kf4 62. Re5 Bd3 63. Re7 Be4 64. Rc7 Kg5 65. Be5 Bf5 66. Rxc5 Bg4
67. Rc7 Kh4 68. Rxb7 Kh3 69. Rb6 Bh5 70. Bf6 Kg4 71. Rb4+ Kf5 72. Rb6 Ke4 1/2-1/2

[Event "Chess24 Banter Blitz Cup"]
[Site "chess24.com INT"]
[Date "2020.03.03"]
[Round "2.11"]
[White "Shimanov, Aleksandr"]
[Black "Vallejo Pons, Francisco"]
[Result "1-0"]
[WhiteTitle "GM"]
[BlackTitle "GM"]
[WhiteElo "2587"]
[BlackElo "2694"]
[WhiteFideId "4198603"]
[BlackFideId "2205530"]
[EventDate "2019.09.25"]
[EventType "blitz"]

1. Nf3 e6 2. d4 d5 3. Bf4 Bd6 4. e3 Bxf4 5. exf4 Qd6 6. g3 Qb4+ 7. Nbd2 Qxb2 8.
Bd3 Qc3 9. O-O Nf6 10. Rb1 c5 11. Rb3 Qa5 12. Rb5 Qd8 13. Rxc5 b6 14. Rc3 O-O
15. Ne5 Ba6 16. Qe2 Bxd3 17. cxd3 Nfd7 18. Rfc1 Nxe5 19. dxe5 Nd7 20. d4 b5 21.
Qxb5 Nb6 22. Rc7 Nc4 23. Rd7 Qb6 24. Qxb6 Nxb6 25. Rb7 Rfb8 26. Rcc7 Rxb7 27.
Rxb7 h6 28. g4 Rc8 29. Rxa7 Rc2 30. Nf3 Nc4 31. f5 Nd2 32. Nxd2 Rxd2 33. Ra4 h5
34. h3 h4 35. Kg2 Kf8 36. a3 Rd3 37. f6 gxf6 38. exf6 Kg8 39. g5 Kh7 40. Ra8
Rxd4 41. Rf8 Kg6 42. Rg8+ Kf5 43. Rg7 Rd3 44. a4 Ra3 45. Rxf7 Kxg5 46. Rh7 Kxf6
47. Rxh4 e5 48. Kf1 d4 49. Ke2 Ke6 50. Rh8 Kd5 51. Rd8+ Ke4 52. Rb8 Ra2+ 53. Kf1
Rxa4 54. Rb3 d3 55. Ke1 Ra1+ 56. Kd2 Ra2+ 57. Ke1 Kd4 58. Rb8 Re2+ 59. Kf1 Ra2
60. Rd8+ Ke4 61. Re8 Kf3 62. Rf8+ Ke4 63. Rd8 Ra1+ 64. Kg2 Ra4 65. Kg3 Rd4 66.
Kh4 Rxd8 67. Kg5 Rg8+ 68. Kf6 Rf8+ 69. Ke7 Re8+ 70. Kd7 1-0

[Event "Chess24 Banter Blitz Cup"]
[Site "chess24.com INT"]
[Date "2020.03.03"]
[Round "2.12"]
[White "Vallejo Pons, Francisco"]
[Black "Shimanov, Aleksandr"]
[Result "1/2-1/2"]
[WhiteTitle "GM"]
[BlackTitle "GM"]
[WhiteElo "2694"]
[BlackElo "2587"]
[WhiteFideId "2205530"]
[BlackFideId "4198603"]
[EventDate "2019.09.25"]
[EventType "blitz"]

1. e4 c6 2. Nc3 d5 3. Nf3 dxe4 4. Nxe4 Nf6 5. Qe2 Nxe4 6. Qxe4 Nd7 7. Bc4 Nf6 8.
Qe3 e6 9. a4 Bd6 10. b3 O-O 11. Bb2 b6 12. Ne5 Bb7 13. O-O c5 14. f4 Nd5 15. Qh3
Bxe5 16. fxe5 Qg5 17. Bd3 g6 18. Qg3 Qxg3 19. hxg3 Nb4 20. a5 Rfd8 21. axb6 axb6
22. Rxa8 Rxa8 23. Ra1 Rxa1+ 24. Bxa1 Nxd3 25. cxd3 Bd5 26. d4 c4 27. b4 h5 28.
Kf2 g5 29. b5 Kh7 30. Bc3 Kg6 31. Bb4 Kf5 32. Be7 Ke4 33. Bxg5 Kxd4 34. Be3+
Kxe5 35. Bxb6 Ke4 36. Bc7 Kd3 37. Bf4 f6 38. b6 e5 39. Be3 Bb7 40. Bh6 1/2-1/2

[Event "Chess24 Banter Blitz Cup"]
[Site "chess24.com INT"]
[Date "2020.03.03"]
[Round "2.13"]
[White "Shimanov, Aleksandr"]
[Black "Vallejo Pons, Francisco"]
[Result "1-0"]
[WhiteTitle "GM"]
[BlackTitle "GM"]
[WhiteElo "2587"]
[BlackElo "2694"]
[WhiteFideId "4198603"]
[BlackFideId "2205530"]
[EventDate "2019.09.25"]
[EventType "blitz"]

1. d4 f5 2. Nc3 Nf6 3. Bg5 d5 4. Nf3 e6 5. e3 a6 6. Bd3 c5 7. dxc5 Bxc5 8. O-O
h6 9. Bf4 g5 10. Be5 Nc6 11. Bd4 Bd6 12. Bxf6 Qxf6 13. e4 g4 14. exd5 gxf3 15.
dxc6 fxg2 16. Qh5+ Ke7 17. Rfe1 bxc6 18. Bxf5 Qg5 19. Qh3 Qf4 20. Re4 Qd2 21.
Bxe6 Rf8 22. Bxc8+ Kd8 23. Qd7# 1-0

[Event "Chess24 Banter Blitz Cup"]
[Site "chess24.com INT"]
[Date "2020.03.02"]
[Round "3.1"]
[White "Abasov, Nijat"]
[Black "Jones, Gawain C B"]
[Result "1/2-1/2"]
[WhiteTitle "GM"]
[BlackTitle "GM"]
[WhiteElo "2632"]
[BlackElo "2688"]
[WhiteFideId "13402960"]
[BlackFideId "409561"]
[EventDate "2019.09.25"]
[EventType "blitz"]

1. c4 c5 2. g3 g6 3. Bg2 Bg7 4. Nf3 Nc6 5. O-O d6 6. Nc3 e6 7. e3 Nge7 8. d4 O-O
9. Rb1 Rb8 10. a3 Na5 11. Qe2 cxd4 12. Nxd4 Nac6 13. Rd1 Nxd4 14. exd4 b6 15.
Bf4 Bb7 16. c5 Bxg2 17. Kxg2 Nf5 18. cxd6 Nxd4 19. Qe4 Nf5 20. d7 Ra8 21. Nb5 e5
22. Bxe5 Qe7 23. Rd5 Rad8 24. Re1 Rxd7 25. Nc3 Rxd5 26. Nxd5 Qxe5 27. Qxe5 Bxe5
28. Rxe5 Rd8 29. Ne7+ Nxe7 30. Rxe7 a5 31. Rb7 Rd6 32. h4 Kg7 33. g4 Kf6 34. b4
axb4 35. axb4 h5 36. g5+ Ke6 37. Kg3 f6 38. gxf6 Kxf6 39. f3 Kf5 40. b5 g5 41.
hxg5 Kxg5 42. Rg7+ Rg6 43. Rb7 Kf5+ 44. Kh4 Kf4 45. Kxh5 Rg5+ 46. Kh4 Rxb5 47.
Rf7+ Rf5 48. Rxf5+ Kxf5 49. Kg3 b5 50. Kf2 Kf4 51. Ke2 b4 52. Kd3 Kxf3 53. Kc4
Ke4 54. Kxb4 1/2-1/2

[Event "Chess24 Banter Blitz Cup"]
[Site "chess24.com INT"]
[Date "2020.03.02"]
[Round "3.2"]
[White "Jones, Gawain C B"]
[Black "Abasov, Nijat"]
[Result "0-1"]
[WhiteTitle "GM"]
[BlackTitle "GM"]
[WhiteElo "2688"]
[BlackElo "2632"]
[WhiteFideId "409561"]
[BlackFideId "13402960"]
[EventDate "2019.09.25"]
[EventType "blitz"]

1. e4 Nf6 2. e5 Nd5 3. c4 Nb6 4. d4 d6 5. f4 dxe5 6. fxe5 Nc6 7. Be3 Bf5 8. Nc3
e6 9. Nf3 Be7 10. Be2 O-O 11. O-O f6 12. exf6 Bxf6 13. b3 Qe7 14. Bd3 Rad8 15.
Bxf5 exf5 16. Bf2 Nxd4 17. Nxd4 Bxd4 18. Bxd4 c5 19. Qf3 cxd4 20. Nd1 d3 21. Nf2
d2 22. Rad1 Rd7 23. Nd3 Rfd8 24. Rxd2 Qe4 25. Rfd1 h6 26. Nf2 Qxf3 27. Rxd7
Qxf2+ 28. Kxf2 Rxd7 29. Rc1 Kf7 30. c5 Nd5 31. c6 bxc6 32. Rxc6 Nb4 33. Rc4 Nxa2
34. Ke3 Kf6 35. h4 Rd6 36. g4 Rb6 37. Ra4 Rxb3+ 38. Kf2 Rb2+ 39. Kg3 fxg4 40.
Ra6+ Kf7 41. Rxa7+ Kg6 42. Kxg4 Nc3 43. Ra6+ Kh7 44. Re6 Nd5 45. Rd6 Nf6+ 46.
Kh3 Rb3+ 47. Kg2 Kg6 48. Ra6 Kh5 49. Ra7 g6 50. Ra6 Ng4 51. Rc6 Kxh4 52. Rxg6 h5
53. Ra6 Rb2+ 54. Kh1 Re2 55. Ra3 Re3 56. Ra2 Kh3 57. Ra1 Rg3 58. Rf1 Kh4 59. Rf5
Rh3+ 60. Kg2 Ne3+ 61. Kg1 Nxf5 62. Kf2 Kg4 63. Kg2 Rg3+ 64. Kh1 h4 65. Kh2 h3
66. Kh1 Nh4 67. Kh2 Nf3+ 68. Kh1 Rg1# 0-1

[Event "Chess24 Banter Blitz Cup"]
[Site "chess24.com INT"]
[Date "2020.03.02"]
[Round "3.3"]
[White "Abasov, Nijat"]
[Black "Jones, Gawain C B"]
[Result "1/2-1/2"]
[WhiteTitle "GM"]
[BlackTitle "GM"]
[WhiteElo "2632"]
[BlackElo "2688"]
[WhiteFideId "13402960"]
[BlackFideId "409561"]
[EventDate "2019.09.25"]
[EventType "blitz"]

1. e4 c5 2. Nf3 Nc6 3. Nc3 g6 4. Bb5 Bg7 5. Bxc6 bxc6 6. O-O Nh6 7. Re1 O-O 8.
h3 f5 9. d4 cxd4 10. Nxd4 e5 11. Nb3 f4 12. f3 g5 13. Qd3 Rf6 14. Rd1 Rg6 15.
Nc5 d6 16. b3 Nf7 17. Ba3 Qb6 18. Na4 Qb5 19. c4 Qa5 20. b4 Qc7 21. Nb3 Be6 22.
c5 d5 23. exd5 cxd5 24. Nc3 Rd8 25. b5 e4 26. fxe4 dxe4 27. Qc2 e3 28. Rxd8+
Qxd8 29. Rd1 Qe8 30. c6 g4 31. hxg4 Bxg4 32. Nd5 f3 33. Ne7+ Qxe7 34. Bxe7 f2+
35. Kh2 Be5+ 36. g3 e2 37. c7 f1=Q 38. c8=Q+ Bxc8 39. Qxc8+ Nd8 40. Rxd8+ Kf7
41. Rf8+ Kxe7 42. Qe8+ Kd6 43. Qc6+ Ke7 44. Qe8+ Kd6 45. Qc6+ Ke7 46. Qe8+ 1/2-1/2

[Event "Chess24 Banter Blitz Cup"]
[Site "chess24.com INT"]
[Date "2020.03.02"]
[Round "3.4"]
[White "Jones, Gawain C B"]
[Black "Abasov, Nijat"]
[Result "0-1"]
[WhiteTitle "GM"]
[BlackTitle "GM"]
[WhiteElo "2688"]
[BlackElo "2632"]
[WhiteFideId "409561"]
[BlackFideId "13402960"]
[EventDate "2019.09.25"]
[EventType "blitz"]

1. c4 c5 2. g3 Nc6 3. Bg2 g6 4. Nc3 Bg7 5. d3 d6 6. Bd2 e6 7. Qc1 h6 8. a3 Nge7
9. Rb1 b6 10. b4 Bb7 11. b5 Na5 12. Nf3 Nf5 13. O-O Nd4 14. Nxd4 cxd4 15. Na2
Bxg2 16. Kxg2 Nb7 17. Nb4 Qd7 18. a4 h5 19. h4 O-O 20. Ra1 Kh7 21. Ra2 f5 22.
Nc6 Nd8 23. Nxd8 Raxd8 24. a5 d5 25. axb6 axb6 26. Qa3 dxc4 27. dxc4 Ra8 28. Qb3
Qb7+ 29. f3 Rxa2 30. Qxa2 Ra8 31. Qb3 e5 32. Rc1 e4 33. c5 bxc5 34. Rxc5 d3 35.
Qd5 Qxd5 36. Rxd5 Ra2 37. fxe4 Rxd2 38. exf5 dxe2 39. fxg6+ Kh6 40. Rxd2 e1=Q 0-1

[Event "Chess24 Banter Blitz Cup"]
[Site "chess24.com INT"]
[Date "2020.03.02"]
[Round "3.5"]
[White "Abasov, Nijat"]
[Black "Jones, Gawain C B"]
[Result "0-1"]
[WhiteTitle "GM"]
[BlackTitle "GM"]
[WhiteElo "2632"]
[BlackElo "2688"]
[WhiteFideId "13402960"]
[BlackFideId "409561"]
[EventDate "2019.09.25"]
[EventType "blitz"]

1. c4 g6 2. Nc3 Bg7 3. g3 Nf6 4. Bg2 O-O 5. e3 c6 6. Nge2 d5 7. cxd5 cxd5 8. d4
Nc6 9. O-O e6 10. Nf4 b6 11. Re1 Ba6 12. Qa4 Bb7 13. Bd2 Rc8 14. Rac1 Qd7 15.
Nd3 Na5 16. Qxd7 Nxd7 17. b3 Nc6 18. Nb5 Ba6 19. Nd6 Bxd3 20. Nxc8 Rxc8 21. Rc3
Ba6 22. Rec1 Bb7 23. Bf1 Ndb8 24. b4 Rd8 25. b5 Na5 26. Rc7 e5 27. Bxa5 bxa5 28.
Rxb7 exd4 29. Rbc7 Nd7 30. Rc8 Rxc8 31. Rxc8+ Nf8 32. Rc7 dxe3 33. fxe3 d4 34.
Bc4 dxe3 35. Rxf7 h5 36. Rxa7+ Kh7 37. Kf1 Kh6 38. b6 Bd4 39. Ra6 Nd7 40. b7 Be5
41. Bd3 Kg7 42. Rxg6+ Kf7 43. Rc6 Ke7 44. Ke2 Nb8 0-1

[Event "Chess24 Banter Blitz Cup"]
[Site "chess24.com INT"]
[Date "2020.03.02"]
[Round "3.6"]
[White "Jones, Gawain C B"]
[Black "Abasov, Nijat"]
[Result "1-0"]
[WhiteTitle "GM"]
[BlackTitle "GM"]
[WhiteElo "2688"]
[BlackElo "2632"]
[WhiteFideId "409561"]
[BlackFideId "13402960"]
[EventDate "2019.09.25"]
[EventType "blitz"]

1. Nf3 Nf6 2. g3 b6 3. Bg2 Bb7 4. O-O e6 5. c4 Be7 6. Nc3 O-O 7. Re1 Ne4 8. Nxe4
Bxe4 9. d3 Bb7 10. e4 c5 11. d4 cxd4 12. Nxd4 d6 13. b3 a6 14. Bb2 Nd7 15. Qd2
Qc7 16. Rad1 Rac8 17. h3 Rfd8 18. Kh2 Bf8 19. Qg5 Qc5 20. Qe3 Ne5 21. f4 Nc6 22.
Qd2 Nxd4 23. Bxd4 Qc6 24. Re2 b5 25. e5 Qc7 26. Qe3 Bxg2 27. Bb6 Qb7 28. Rxg2
Rd7 29. Rgd2 bxc4 30. bxc4 Rxc4 31. exd6 Qc6 32. Bc7 h5 33. h4 g6 34. Rd4 Rc3
35. R4d3 Rc2+ 36. R1d2 Rc1 37. Rd1 Rc2+ 38. R3d2 Rc3 39. Rd3 Rc4 40. Rd4 Rc2+
41. R1d2 Rc1 42. Rd1 Rc2+ 43. R1d2 Rc1 44. Qe4 Qc5 45. Rd1 Rc2+ 46. R1d2 Rc1 47.
Rd1 Rc2+ 48. R4d2 Rc3 49. Qe5 Qc6 50. Rd3 Rc2+ 51. R3d2 Rc3 52. Rb2 Qf3 53. Rg1
Bg7 54. Qe2 Rc6 55. Qxf3 Bxb2 56. Qxc6 1-0